La litispendencia

Detalles Bibliográficos
Autor principal: Ml̀aga Diǧuez, Francisco
Formato: Desconocido
Lenguaje:español
Publicado: Barcelona : Jos ̌Mara̕ Bosch, 1999
Materias:
Acceso en línea:Acceso restringido

MARC

LEADER 00000ny a22000003n 4500
005 20110621142950.0
008 000407s1999 sp s 000 0 spa c
017 |a Z3361-1999 
020 |a 8476985711 
035 |a 1174 
040 |a UMA.RE  |d vLex 
040 |a UMA.RLB  |d vLex 
080 |a 347.921.2(460) 
090 |c 967  |d 967 
100 1 |a Ml̀aga Diǧuez, Francisco 
245 1 3 |a La litispendencia  |h [Recurso electrn̤ico]  |c Francisco Ml̀aga Diǧuez 
256 |a Servicio en ln̕ea 
260 |a Barcelona :  |b Jos ̌Mara̕ Bosch,  |c 1999 
300 |a 730 p. ;  |c 25 cm 
506 1 |a Contenido solo disponible en los productos indicados  |d vLex Global  |d vLex Global (Academic Edition, excluding Law Schools)  |d vLex Global (U.S. Academic Edition, Law Schools)  |d vLex Global (U.S. Academic Edition, excluding Law Schools)  |d vLex Global (Academic Edition, Law Schools) 
650 0 7 |a Incidente  |2 Tesauro vLex 
650 0 7 |a Procesal  |2 Tesauro vLex 
650 0 7 |a  Cd̤igo Civil  |2 Tesauro vLex 
650 0 7 |a Excepcin̤ de litispendencia  |2 Tesauro vLex 
650 0 7 |a Litispendencia  |2 Tesauro vLex 
740 0 |a vLex Libros (Servicios en ln̕ea) 
856 4 0 |u http://vlex.com/source/1174  |z Acceso restringido 
942 |c BOOK